Vietnam's will to live; (Record no. 28234)

MARC details
000 -LEADER
campo de control de longitud fija 00792cam a2200265 4500
001 - NÚMERO DE CONTROL
campo de control 34164
005 - FECHA Y HORA DE LA ÚLTIMA TRANSACCIÓN
campo de control 20230410103916.0
008 - DATOS DE LONGITUD FIJA--INFORMACIÓN GENERAL
campo de control de longitud fija 730205s1972 nyub b 001 0 eng
035 ## - NÚMERO DE CONTROL DEL SISTEMA
-- (DLC) 72081760
035 ## - NÚMERO DE CONTROL DEL SISTEMA
Número de control de sistema 3606329
010 ## - NÚMERO DE CONTROL DE LA BIBLIOTECA DEL CONGRESO
Número de control de LC 72081760
020 ## - NÚMERO INTERNACIONAL ESTÁNDAR DEL LIBRO
Número Internacional Estándar del Libro 0853452393
040 ## - FUENTE DE CATALOGACIÓN
Centro catalogador/agencia de origen DLC
Centro/agencia transcriptor DLC
Centro/agencia modificador DLC
043 ## - CÓDIGO DE ÁREA GEOGRÁFICA
Código de área geográfica a-vt---
050 14 - SIGNATURA TOPOGRÁFICA DE LA BIBLIOTECA DEL CONGRESO
Número de clasificación 438 DS 557
Número de ítem L218v 1972
082 00 - NÚMERO DE LA CLASIFICACIÓN DECIMAL DEWEY
Número de clasificación 959.7
100 1# - ENTRADA PRINCIPAL--NOMBRE DE PERSONA
Nombre de persona Lamb, Helen Boyden.
245 10 - MENCIÓN DEL TÍTULO
Título Vietnam's will to live;
Resto del título resistance to foreign aggression from early times through the nineteenth century,
Mención de responsabilidad, etc. by Helen B. Lamb.
260 ## - PUBLICACIÓN, DISTRIBUCIÓN, ETC.
Lugar de publicación, distribución, etc. New York,
Nombre del editor, distribuidor, etc. Monthly Review Press
Fecha de publicación, distribución, etc. [1972]
300 ## - DESCRIPCIÓN FÍSICA
Extensión viii, 344 p.
Otras características físicas maps.
Dimensiones 22 cm.
350 ## - PRECIO (NR) (BK AM CF MU VM SE) [OBSOLETO]
Precio $10.00
504 ## - NOTA DE BIBLIOGRAFÍA, ETC.
Nota de bibliografía, etc. Includes bibliographical references.
651 #0 - PUNTO DE ACCESO ADICIONAL DE MATERIA--NOMBRE GEOGRÁFICO
Nombre geográfico Vietnam
Subdivisión general History.
942 ## - ELEMENTOS DE ENTRADA SECUNDARIOS (KOHA)
Fuente del sistema de clasificación o colocación Clasificación de Library of Congress
Tipo de ítem Koha
Holdings
Estatus retirado Estado de pérdida Fuente del sistema de clasificación o colocación Estado de daño No para préstamo Colección Biblioteca de origen Biblioteca actual Ubicación en estantería Fecha de adquisición Serial enumeration / chronology Signatura topográfica completa Código de barras Visto por última vez Copia número Tipo de ítem Koha
    Clasificación de Library of Congress     Recursos Regionales Biblioteca Juan Bosch Biblioteca Juan Bosch Recursos Regionales (2do. Piso) 10/04/2023 1 438 DS 557 L218v 1972 00000036279 23/10/2018 1